| 000 | 00881nam a2200241 a 4500 | ||
|---|---|---|---|
| 001 | BRCA_1166 | ||
| 005 | 20190320203318.0 | ||
| 008 | 861114s1983 mx-f---##b---f000-0#spa-# | ||
| 020 | _a9685804915 | ||
| 040 |
_aDLC _cDLC _dDLC |
||
| 050 | 4 |
_aNK2441 _b.G65 1983 |
|
| 100 | 1 |
_aGómez de Orozco, Federico _93854 |
|
| 245 | 1 | 0 |
_aEl mobiliario y la decoración en la Nueva España en el siglo XVI _cFederico Gómez de Orozco |
| 260 |
_aMéxico _bUNAM, Instituto de Investigaciones Estéticas _c1983 |
||
| 300 |
_a111 p. _bil. _c24 cm. |
||
| 440 | 0 |
_aEstudios y fuentes del arte en México _v44 _93855 |
|
| 500 | _aIncluye apéndice | ||
| 650 | 1 | 4 |
_aMuebles coloniales _zMéxico _93856 |
| 650 | 1 | 4 |
_aMuebles _xHistoria _ySiglo XVI _zMéxico _93857 |
| 650 | 1 | 4 |
_aArtes decorativas, Colonial _zMéxico _93858 |
| 650 | 1 | 4 |
_aArtes decorativas _xHistoria _ySiglo XVI _zMéxico _93859 |
| 942 |
_2lcc _cB |
||
| 999 |
_c1043 _d1043 |
||